000
00263nam a2200085Ia 4500
245
0
_a
Decorative origami : over 25 innovative paperfolding projects
100
_a
BEECHER, Rick London, 2003
_9
92938
942
_c
BK
008
210817s9999 xx 000 0 und d
999
_c
399366
_d
399365